| 000 | 00614nam a2200217Ia 4500 | ||
|---|---|---|---|
| 008 | 101110s9999 xx 000 0 und d | ||
| 041 | _aENGLISH | ||
| 082 | _bSR28962 | ||
| 100 | _aSehagal Ashok and Sehagal Deepak. | ||
| 245 | _aAdvanced Accounting (Finacial Acc.) 6th Ed.Vol-1 | ||
| 260 |
_c2006 _bTaxmann Allied Services, New |
||
| 300 | _a127 | ||
| 365 | _b395 | ||
| 520 | _aCommerce | ||
| 546 | _aENGLISH | ||
| 630 | _aAdvanced Accounting (Finacial Acc.) 6th Ed.Vol-1 | ||
| 650 | _aCommerce | ||
| 655 | _aCommerce | ||
| 730 | _aAdvanced Accounting (Finacial Acc.) 6th Ed.Vol-1 | ||
| 942 | _cBOOK | ||
| 999 |
_c821479 _d821476 |
||